000 00605nam a2200193Ii 4500
003 JO-AjNU
008 230605s9999||||xx |||||||||||||| ||und||
040 _aJO-AjNU
_bara
_erda
_cJO-AjNU
041 _aara
050 1 4 _aBF38.S44 1996
100 3 _aعرض وتلخيص الحاج، لويس,
_eauthor
_957715
245 0 0 _aالسلسلة السيكولوجية، مج2
264 3 1 _aبيروت: دار صادر، 1996
300 _aمج2، 455ص
336 _atext
_btxt
_2rdacontent
337 _aunmediated
_bn
_2rdamedia
338 _avolume
_bnc
_2rdacarrier
650 4 _aعلم النفس
_957716
999 _aA25880
_c29448
_d29448